<?xml version="1.0" encoding="UTF-8"?>
<collection xmlns="http://www.loc.gov/MARC21/slim">
    <record>
        <controlfield tag="001">61784</controlfield>
        <controlfield tag="005">20170707111733.0</controlfield>
        <datafield tag="040" ind1=" " ind2=" ">
            <subfield code="a">ES-ZaU</subfield>
        </datafield>
        <datafield tag="100" ind1=" " ind2=" ">
            <subfield code="a">Laurent, J., 1816-1886</subfield>
        </datafield>
        <datafield tag="245" ind1=" " ind2=" ">
            <subfield code="a">Reja de bronce repujado de la capilla de Zaporta, en la Iglesia de la Seo / J. Laurent</subfield>
        </datafield>
        <datafield tag="260" ind1=" " ind2=" ">
            <subfield code="a">[S.l.]</subfield>
            <subfield code="b">[s.n.]</subfield>
            <subfield code="c">[1816-1886]</subfield>
        </datafield>
        <datafield tag="300" ind1=" " ind2=" ">
            <subfield code="a">1 fotografía : papel albúmina;  34 x 25 cm, sobre papel 53 x 43 cm</subfield>
        </datafield>
        <datafield tag="500" ind1=" " ind2=" ">
            <subfield code="a">Copia original de época en blanco y negro. Formato horizontal. Vista de la Reja de bronce repujado de la capilla de Zaporta, en la iglesia de la Seo, según reza en el ángulo inferior izquierdo. Rejería enmarcada por dos pedestales sobre los que se disponen sendas pilastras (que aparecen cortadas en la imagen) a modo de jambas, con decoración escultórica en sus caras. La rejería se articula en tres pisos de forma horizontal, y tres calles de manera vertical, separadas por: en el primer piso, pilares con decoración; en el segundo y tercer piso, columnas con ornamentación en el tercio inferior del fuste, sobre pedestales. En la calle central del piso superior, se dispone un marco que encierra lo que parece un fragmento de texto. Delante del mismo, encontramos una lámpara que cuelga de un cable, cortado en la fotografía. La rejería remata en decoración escultórica, entre la que destaca, en la zona central, dos puttis o niños alados, a los lados de un escudo. Por encima, Cristo crucificado con dos figuras en los laterales</subfield>
        </datafield>
        <datafield tag="506" ind1=" " ind2=" ">
            <subfield code="a">Access copy available to the general public</subfield>
            <subfield code="f">Unrestricted</subfield>
        </datafield>
        <datafield tag="540" ind1=" " ind2=" ">
            <subfield code="9">info:eu-repo/semantics/openAccess</subfield>
            <subfield code="a">by-nc-nd</subfield>
            <subfield code="u">http://creativecommons.org/licenses/by-nc-nd/3.0/es/</subfield>
        </datafield>
        <datafield tag="567" ind1=" " ind2=" ">
            <subfield code="a">Copia en papel albúmina a partir de negativo de vidrio al colodión</subfield>
        </datafield>
        <datafield tag="653" ind1=" " ind2=" ">
            <subfield code="a">Catedral de Zaragoza -- Fotografías -- Obras anteriores a 1900</subfield>
        </datafield>
        <datafield tag="653" ind1=" " ind2=" ">
            <subfield code="a">Fotografía de arquitectura -- España -- Obras anteriores a 1900</subfield>
        </datafield>
        <datafield tag="653" ind1=" " ind2=" ">
            <subfield code="a">Zaragoza -- S. XIX -- Fotografías -- Obras anteriores a 1900</subfield>
        </datafield>
        <datafield tag="655" ind1=" " ind2="4">
            <subfield code="a">info:eu-repo/semantics/other</subfield>
        </datafield>
        <datafield tag="856" ind1="4" ind2=" ">
            <subfield code="s">429459</subfield>
            <subfield code="u">http://zaguan.unizar.es/record/61784/files/Laurent_p65.pdf</subfield>
            <subfield code="z">Reja de bronce repujado de la capilla de Zaporta, en la Iglesia de la Seo / J. Laurent</subfield>
        </datafield>
        <datafield tag="856" ind1="4" ind2=" ">
            <subfield code="s">4359</subfield>
            <subfield code="u">http://zaguan.unizar.es/record/61784/files/Laurent_p65.jpg?subformat=icon</subfield>
            <subfield code="x">icon</subfield>
            <subfield code="z">Reja de bronce repujado de la capilla de Zaporta, en la Iglesia de la Seo / J. Laurent</subfield>
        </datafield>
        <datafield tag="907" ind1=" " ind2=" ">
            <subfield code="a">.b1715808</subfield>
        </datafield>
        <datafield tag="980" ind1=" " ind2=" ">
            <subfield code="a">PERSONAL</subfield>
            <subfield code="b">LAURENT</subfield>
        </datafield>
    </record>

    
</collection>